[Event "AUTO-OPEN-662"]
[Site "http://www.queenalice.com/game.php?id=310906"]
[Date "2007.11.27"]
[Round "3"]
[White "reginaldox"]
[Black "Nep"]
[Result "1-0"]
[WhiteElo "1721"]
[BlackElo "1720"]

1. b4 d5 2. Bb2 Bg4 3. Nf3 e6 4. e3 Nc6 5. b5 Nb4 6. Be2 c5 7. a3 Nc6 8. bxc6
bxc6 9. O-O Bxf3 10. Bxf3 Rb8 11. Qc1 Bd6 12. Bxg7 Qc7 13. g3 Be5 14. Bxh8 Bxh8
15. c3 Bg7 16. d4 1-0

[Event "AUTO-ADV-1016"]
[Site "http://www.queenalice.com/game.php?id=453625"]
[Date "2008.8.25"]
[Round "1"]
[White "Nep"]
[Black "charles"]
[Result "1-0"]
[WhiteElo "1809"]
[BlackElo "1782"]

1. e4 Nf6 2. e5 Nd5 3. d4 d6 4. c4 Nb6 5. Bd3 dxe5 6. dxe5 e6 7. Nc3 Qd4 8. Nf3
Qd7 9. O-O Bc5 10. Ne4 Qc6 11. b3 h6 12. Nxc5 Qxc5 13. Be3 Qb4 14. a3 Qa5 15.
Qe1 Nc6 16. Qxa5 Nxa5 17. Nd4 c5 18. Nb5 O-O 19. Nc7 Rb8 20. Bxc5 Nxb3 21. Bxf8
Nxa1 22. Bd6 Nb3 23. Nxe6 Ra8 24. Nc7 Rb8 25. Nd5 Ra8 26. Rb1 Na5 27. Rxb6 axb6
28. Nxb6 Bf5 29. Bxf5 Rd8 30. f4 g5 31. Kf2 Kh8 32. g3 Rg8 33. e6 fxe6 34. Be5+
Rg7 35. fxg5 hxg5 36. Bxe6 Nc6 37. Bxg7+ Kxg7 38. Bd5 Ne5 39. Bxb7 Ng4+ 40. Kg2
Ne3+ 41. Kf3 1-0

[Event "AUTO-ADV-1016"]
[Site "http://www.queenalice.com/game.php?id=453626"]
[Date "2008.8.25"]
[Round "1"]
[White "charles"]
[Black "Nep"]
[Result "0-1"]
[WhiteElo "1749"]
[BlackElo "1839"]

1. e4 e5 2. Nf3 d6 3. Nc3 Bg4 4. Bc4 Nf6 5. h3 Bh5 6. g4 Bg6 7. d3 h6 8. Be3 Nc6
9. g5 hxg5 10. Nxg5 Na5 11. Qd2 Nxc4 12. dxc4 Ng4 13. O-O-O Nxe3 14. Qxe3 Be7
15. h4 c6 16. c5 Bxg5 17. Qxg5 Qxg5+ 18. hxg5 Rxh1 19. Rxh1 Ke7 20. cxd6+ Kxd6
21. Rd1+ Ke6 22. b3 Rh8 23. Rd3 Rh2 24. f3 Rg2 25. f4 exf4 26. Rf3 Ke5 27. Rd3
Rxg5 28. Rd7 f3 29. Kd2 Rg2+ 30. Ke1 Rxc2 31. Rd3 f2+ 32. Kf1 Bxe4 33. Re3 f5
34. Rg3 f4 35. Rg5+ Bf5 36. Ne2 Rxa2 37. Kxf2 Kf6 38. Rg1 g5 39. Re1 Rb2 40. Ra1
Bg4 41. Re1 f3 42. Kg3 Rxe2 43. Rxe2 fxe2 0-1

[Event "AUTO-ADV-1016"]
[Site "http://www.queenalice.com/game.php?id=453627"]
[Date "2008.8.25"]
[Round "1"]
[White "Nep"]
[Black "Lopesq"]
[Result "1-0"]
[WhiteElo "1824"]
[BlackElo "1809"]

1. e4 c5 2. Nf3 Nc6 3. Nc3 e6 4. Bb5 Nge7 5. d4 cxd4 6. Nxd4 a6 7. Nxc6 bxc6 8.
Be2 Ng6 9. O-O Be7 10. Qd4 Bf6 11. Qc5 Be7 12. Qd4 O-O 13. Be3 Bf6 14. Qb4 d6
15. Rad1 Be7 16. Qa4 Bd7 17. Qa3 d5 18. Bc5 Bxc5 19. Qxc5 Nf4 20. Qd6 Qg5 21. g3
Nh3+ 22. Kg2 Rad8 23. exd5 exd5 24. f4 Qg6 25. Qxg6 fxg6 26. Bxa6 Bg4 27. Be2
Bc8 28. Bd3 Bg4 29. Be2 h5 30. Bxg4 hxg4 31. a3 Rf5 32. Rfe1 g5 33. Re5 Rf6 34.
Ne4 Rff8 35. Nxg5 Rb8 36. Rb1 Rb5 37. Nxh3 gxh3+ 38. Kxh3 Rb7 39. Kg4 Rf6 40. h3
g6 41. Kg5 Kg7 42. b3 Rbf7 43. a4 Rf5+ 44. Rxf5 Rxf5+ 45. Kg4 d4 46. b4 Rd5 47.
a5 Rb5 48. a6 Rb6 49. Ra1 Rxb4 50. a7 1-0

[Event "AUTO-ADV-1016"]
[Site "http://www.queenalice.com/game.php?id=453628"]
[Date "2008.8.25"]
[Round "1"]
[White "Lopesq"]
[Black "Nep"]
[Result "1/2-1/2"]
[WhiteElo "1831"]
[BlackElo "1808"]

1. Nf3 f5 2. d4 e6 3. e3 Nf6 4. Be2 Nc6 5. Ne5 Nxe5 6. dxe5 Ne4 7. Nd2 Bb4 8. c3
Nxd2 9. Qxd2 Bc5 10. Bh5+ g6 11. Bf3 O-O 12. O-O Qh4 13. b4 Be7 14. a4 a5 15. b5
d5 16. g3 Qh3 17. Bg2 Qh5 18. Ba3 Bxa3 19. Rxa3 Qg4 20. h3 Qc4 21. Rc1 b6 22.
Bf1 Qe4 23. c4 Qxe5 24. c5 Bd7 25. c6 Bc8 26. Rd3 Qe4 27. Rd4 Qe5 28. f4 Qd6 29.
Qb2 e5 30. Rdd1 e4 31. Bc4 Be6 32. Ba2 Rad8 33. Rd4 Qe7 34. h4 Qg7 35. Qd2 Qf7
36. Kg2 Rd6 37. Rd1 Rfd8 38. Kf2 h6 39. Rh1 Kg7 40. Qb2 Qf6 41. Qe2 Qe7 42. Qb2
Qf6 43. Qe2 Qf7 44. Qb2 Kh7 45. Qe2 Qe7 46. Rhd1 Kg7 47. Qb2 Qf6 48. Qe2 Qe7 49.
Qb2 Qf6 50. Qd2 Qe7 51. Qb2 1/2-1/2

[Event "AUTO-ADV-1016"]
[Site "http://www.queenalice.com/game.php?id=453629"]
[Date "2008.8.25"]
[Round "1"]
[White "Nep"]
[Black "Bixu"]
[Result "1-0"]
[WhiteElo "1790"]
[BlackElo "1721"]

1. e4 e5 2. Nf3 Nc6 3. d4 exd4 4. Nxd4 Nxd4 5. Qxd4 c5 6. Qc4 a6 7. Nc3 Qa5 8.
Bg5 Be7 9. Bd2 Qd8 10. O-O-O b5 11. Qd5 Rb8 12. Qe5 Rb6 13. Qxg7 Bf6 14. Qg3 Bh4
15. Qe5+ Be7 16. Qxh8 Rg6 17. Qxh7 Bg5 18. Nd5 d6 19. Bxg5 Qxg5+ 20. f4 Qh6 21.
Qxh6 Rxh6 22. g3 Bb7 23. g4 c4 24. h4 Kd7 25. Bg2 Ne7 26. e5 Kd8 27. Rh2 Bc8 28.
Nf6 d5 29. Bxd5 Nxd5 30. Rxd5+ Kc7 31. Rc5+ Kb7 32. a4 Kb6 33. Rxc8 Ka5 34. axb5
axb5 35. Rc7 Ka4 36. Rxf7 b4 37. e6 c3 38. e7 Rh8 39. Rf8 1-0

[Event "AUTO-ADV-1016"]
[Site "http://www.queenalice.com/game.php?id=453630"]
[Date "2008.8.25"]
[Round "1"]
[White "Bixu"]
[Black "Nep"]
[Result "0-1"]
[WhiteElo "1748"]
[BlackElo "1722"]

1. e4 e5 2. Nf3 Nc6 3. d4 exd4 4. Nxd4 Bc5 5. Nxc6 dxc6 6. Qxd8+ Kxd8 7. Bc4 Nf6
8. Bg5 Re8 9. Nc3 Be6 10. Rd1+ Ke7 11. Bd3 Bd4 12. Ne2 Bxb2 13. c3 h6 14. Bxf6+
Kxf6 15. O-O Rad8 16. Nf4 Bxa2 17. Rd2 Rxe4 18. Nh5+ Kg5 19. Ng3 Ra4 20. Ne4+
Rxe4 21. f3 Ra4 22. f4+ Kf6 23. Rfd1 Bxc3 24. Rc2 Bb3 25. Rdc1 Bxc2 26. Bxc2
Rxf4 27. h3 Rd2 28. Bd1 Bd4+ 29. Kh2 Rf1 30. Rb1 Be5# 0-1

[Event "AUTO-OPEN-1241"]
[Site "http://www.queenalice.com/game.php?id=453741"]
[Date "2008.8.26"]
[Round "1"]
[White "TORNADO"]
[Black "Nep"]
[Result "0-1"]
[WhiteElo "1610"]
[BlackElo "1851"]

1. g3 e5 2. Nf3 e4 3. Nd4 Nf6 4. Bg2 d5 5. O-O Bc5 6. e3 Bxd4 7. exd4 Nc6 8. c3
O-O 9. a4 Bg4 10. f3 exf3 11. Bxf3 Bxf3 12. Qxf3 Re8 13. d3 Qd6 14. Bg5 Re6 15.
Bf4 Qd7 16. Nd2 Rae8 17. Be5 Nxe5 18. dxe5 Rxe5 19. d4 Re2 20. Rf2 Re1+ 21. Rxe1
Rxe1+ 22. Kg2 Qxa4 23. Re2 Rxe2+ 24. Qxe2 Qc2 25. Kf3 Qxb2 26. Qe3 a5 27. h4 b5
28. g4 h6 29. g5 hxg5 30. hxg5 Nh5 31. Kg4 g6 32. Kf3 a4 33. Qe8+ Kg7 34. Qe3 a3
35. Qe5+ Kh7 36. Qxd5 Qxc3+ 37. Ke4 f5+ 38. Ke5 Qg3+ 39. Ke6 Nf4+ 40. Ke5 Nxd5+
41. Kxd5 Qd6# 0-1

[Event "AUTO-OPEN-1241"]
[Site "http://www.queenalice.com/game.php?id=453742"]
[Date "2008.8.26"]
[Round "1"]
[White "Nep"]
[Black "TORNADO"]
[Result "1-0"]
[WhiteElo "1803"]
[BlackElo "1528"]

1. e4 e5 2. Nf3 f6 3. d4 d6 4. Nc3 exd4 5. Nxd4 Nc6 6. Nxc6 bxc6 7. Bc4 Ne7 8.
O-O c5 9. Nd5 c6 10. Qh5+ Ng6 11. Nf4 Kd7 12. Nxg6 Qe8 13. Nxf8+ Qxf8 14. Bf4 g6
15. Qd1 g5 16. Bg3 Qe7 17. Qe1 h5 18. Rd1 h4 19. Bxd6 Qg7 20. Bf8+ Kc7 21. Qa5+
Kb7 22. Ba6+ Kb8 23. Bd6+ Qc7 24. Bxc7# 1-0

[Event "AUTO-OPEN-1241"]
[Site "http://www.queenalice.com/game.php?id=453763"]
[Date "2008.8.26"]
[Round "1"]
[White "HardCorePawn"]
[Black "Nep"]
[Result "0-1"]
[WhiteElo "1237"]
[BlackElo "1720"]

1. g3 e5 2. e4 Nf6 3. f3 d5 4. a3 dxe4 5. fxe4 Nxe4 6. Qf3 Ng5 7. Qh5 Qd5 8.
Qxg5 Qxh1 9. Kf2 Qxh2+ 10. Bg2 Bc5+ 11. Kf3 e4+ 12. Kxe4 Qxg1 13. Qxc5 Qxc5 14.
b4 Qf5+ 15. Ke3 Qe5+ 16. Be4 Qxa1 17. c4 Qe5 18. Nc3 Qxg3+ 19. Kd4 Qg1+ 20. Ke5
Qxc1 21. Na4 Qxd2 22. b5 f6# 0-1

[Event "AUTO-OPEN-1241"]
[Site "http://www.queenalice.com/game.php?id=453764"]
[Date "2008.8.26"]
[Round "1"]
[White "Nep"]
[Black "HardCorePawn"]
[Result "1-0"]
[WhiteElo "1718"]
[BlackElo "1252"]

1. d4 d5 2. c4 dxc4 3. e3 e5 4. Bxc4 Bb4+ 5. Bd2 exd4 6. Bxb4 Na6 7. Qf3 Ne7 8.
Qxf7+ Kd7 9. Be6+ Kc6 10. Bxe7 Qxe7 11. Qxe7 Bxe6 12. Qxe6+ Kc5 13. Qe5+ Kb4 14.
Qxd4+ Ka5 15. Qxg7 Rag8 16. Qc3+ Nb4 17. a3 c5 18. axb4+ Kb5 19. Qxc5# 1-0

[Event "AUTO-OPEN-1241"]
[Site "http://www.queenalice.com/game.php?id=453777"]
[Date "2008.8.26"]
[Round "1"]
[White "Nep"]
[Black "ajbsantos"]
[Result "1-0"]
[WhiteElo "1739"]
[BlackElo "2004"]

1. d4 Nf6 2. c4 g6 3. Nc3 Bg7 4. Nf3 O-O 5. Bf4 c5 6. dxc5 Nc6 7. Qb3 Nh5 8. Bd2
e5 9. Ne4 Nd4 10. Nxd4 exd4 11. Nd6 Qc7 12. Qa3 Qc6 13. O-O-O Be5 14. b3 Bxd6
15. cxd6 b5 16. Bh6 bxc4 17. Kb2 Re8 18. Rxd4 cxb3 19. Qxb3 Ba6 20. e4 Rab8 21.
Rb4 Qxd6 22. a3 Rxb4 23. axb4 Rxe4 24. Qc3 Rxb4+ 25. Kc2 Bb5 26. Qc8+ 1-0

[Event "AUTO-OPEN-1241"]
[Site "http://www.queenalice.com/game.php?id=453778"]
[Date "2008.8.26"]
[Round "1"]
[White "ajbsantos"]
[Black "Nep"]
[Result "0-1"]
[WhiteElo "1977"]
[BlackElo "1766"]

1. e4 e5 2. Nf3 Nc6 3. Bb5 Nge7 4. O-O a6 5. Ba4 d6 6. d4 Bd7 7. Re1 exd4 8.
Nxd4 Nxd4 9. Bxd7+ Qxd7 10. Qxd4 O-O-O 11. c4 Nc6 12. Qd1 Ne5 13. b3 Be7 14. Nc3
Bf6 15. Nd5 Nf3+ 16. Qxf3 Bxa1 17. Qe3 Kb8 18. Bd2 Be5 19. a4 c6 20. Nb4 Qc7 21.
Nd3 Bf6 22. b4 Rhe8 23. b5 Ka8 24. Nb4 a5 25. b6 Qd7 26. Nd3 c5 27. Bxa5 Qxa4
28. Bd2 Qxc4 29. Rc1 Qxe4 0-1

[Event "AUTO-ADV-1016"]
[Site "http://www.queenalice.com/game.php?id=522462"]
[Date "2009.1.14"]
[Round "2"]
[White "andresalles"]
[Black "Nep"]
[Result "0-1"]
[WhiteElo "1845"]
[BlackElo "1958"]

1. e4 e5 2. Bc4 Bc5 3. Qh5 Qe7 4. Nf3 d6 5. Qg5 f6 6. Qg3 Nc6 7. c3 Kd8 8. a4 f5
9. d4 exd4 10. Bxg8 Qxe4+ 11. Kd1 Rxg8 12. Bg5+ Kd7 13. cxd4 Nxd4 14. Nxd4 Qxd4+
15. Nd2 Qxb2 16. Rb1 Qd4 17. Be3 Qxa4+ 18. Ke2 Bxe3 19. fxe3 Qa6+ 20. Kf2 Qd3
21. Rbd1 g6 22. Nf3 Qb3 23. Qg5 Re8 24. Nd4 Qb2+ 25. Kf3 c5 26. Ne2 b5 27. Nf4
Bb7+ 28. Kg3 Rxe3+ 29. Kh4 Qf2+ 30. g3 Bxh1 31. Rxh1 Kc6 32. Nh3 Re4+ 33. Nf4
Qg2 34. h3 Qxh1 35. Qf6 Qf3 36. Qf7 Qh5# 0-1

[Event "AUTO-ADV-1016"]
[Site "http://www.queenalice.com/game.php?id=522463"]
[Date "2009.1.14"]
[Round "2"]
[White "Nep"]
[Black "andresalles"]
[Result "1-0"]
[WhiteElo "1928"]
[BlackElo "1901"]

1. d4 d5 2. c4 e6 3. Nc3 Nc6 4. cxd5 exd5 5. e3 Bb4 6. Bb5 Bxc3+ 7. bxc3 Ne7 8.
Ba3 Bd7 9. Rb1 b6 10. Nf3 O-O 11. O-O a6 12. Bd3 g6 13. Qe2 Re8 14. h3 Bf5 15.
c4 dxc4 16. Bxf5 Nxf5 17. Qxc4 Qd7 18. Rfc1 Na5 19. Qxc7 Qxc7 20. Rxc7 b5 21.
Ng5 Nh6 22. Bc5 Nf5 23. Nxf7 Nc4 24. Ng5 h6 25. Nh7 Re6 26. d5 Re5 27. Nf6+ Kh8
28. Rh7# 1-0

[Event "AUTO-ADV-1016"]
[Site "http://www.queenalice.com/game.php?id=522468"]
[Date "2009.1.14"]
[Round "2"]
[White "Nep"]
[Black "joacijc"]
[Result "1-0"]
[WhiteElo "1943"]
[BlackElo "1913"]

1. d4 d5 2. c4 Bf5 3. Qb3 dxc4 4. Qxb7 Nd7 5. Nd2 Nb6 6. Nxc4 Nf6 7. e3 a5 8.
Ne5 Qd5 9. Qxc7 Nbd7 10. Bc4 Nxe5 11. Bxd5 Nxd5 12. Qxe5 Be6 13. Bd2 Kd7 14. Nf3
f6 15. Qe4 g6 16. Rc1 Bg7 17. Rc5 Nb4 18. Bxb4 axb4 19. Qc6+ Kd8 20. Qxa8+ Kd7
21. Qc6+ Kd8 22. Qxe6 Ke8 23. Rc8# 1-0

[Event "AUTO-ADV-1016"]
[Site "http://www.queenalice.com/game.php?id=522469"]
[Date "2009.1.14"]
[Round "2"]
[White "joacijc"]
[Black "Nep"]
[Result "1-0"]
[WhiteElo "1898"]
[BlackElo "1959"]

1. e4 e5 2. Bc4 Bc5 3. d3 d6 4. Nc3 Nc6 5. Na4 Bb4+ 6. c3 Ba5 7. b4 Bb6 8. Nxb6
axb6 9. Nf3 Bg4 10. Qb3 Qe7 11. Ng5 Nh6 12. a4 O-O 13. O-O Be2 14. Re1 Bh5 15.
Nh3 Ng4 16. f4 Qh4 17. Be3 Nxe3 18. Rxe3 exf4 19. Ree1 f3 20. Nf2 fxg2 21. Re3
Ne5 22. Qb2 Nf3+ 23. Rxf3 Bxf3 24. d4 Qg5 25. Be2 Qe3 26. Bxf3 Qxf3 27. Qc2 Rfe8
28. Re1 1-0

[Event "AUTO-ADV-1016"]
[Site "http://www.queenalice.com/game.php?id=522470"]
[Date "2009.1.14"]
[Round "2"]
[White "Nep"]
[Black "vagner_pirai"]
[Result "1-0"]
[WhiteElo "1857"]
[BlackElo "2033"]

1. d4 d5 2. c4 c6 3. cxd5 cxd5 4. e3 Bf5 5. Nc3 e6 6. Bb5+ Nc6 7. Nf3 a6 8.
Bxc6+ bxc6 9. Ne5 c5 10. Qa4+ Ke7 11. Nc6+ 1-0

[Event "AUTO-ADV-1016"]
[Site "http://www.queenalice.com/game.php?id=522471"]
[Date "2009.1.14"]
[Round "2"]
[White "vagner_pirai"]
[Black "Nep"]
[Result "0-1"]
[WhiteElo "2016"]
[BlackElo "1880"]

1. e4 e5 2. Nf3 Nc6 3. d4 exd4 4. Nxd4 Qh4 5. Nc3 Bb4 6. Qd3 Bxc3+ 7. bxc3 Nf6
8. Bb2 Ne5 9. Qe3 Qxe4 10. Qxe4 Nxe4 11. Nf5 g6 12. c4 d6 13. f4 Bxf5 14. fxe5
O-O 15. exd6 Rae8 16. Rg1 Nxd6+ 17. Kd2 Rd8 18. Kc3 Rfe8 19. Bd3 Re3 20. Rge1
Ne4+ 21. Kb4 c5+ 22. Ka5 Rd6 23. Rxe3 Ra6+ 24. Kb5 Bd7# 0-1

[Event "AUTO-OPEN-1241"]
[Site "http://www.queenalice.com/game.php?id=529038"]
[Date "2009.1.25"]
[Round "2"]
[White "Xeque"]
[Black "Nep"]
[Result "0-1"]
[WhiteElo "2173"]
[BlackElo "1901"]

1. e4 e5 2. Nf3 d6 3. d4 Bg4 4. dxe5 Nd7 5. exd6 Bxd6 6. Be2 Ngf6 7. Nbd2 O-O 8.
O-O Bf4 9. h3 Bxf3 10. Bxf3 Ne5 11. g3 Bxd2 12. Bxd2 Qxd2 0-1

[Event "AUTO-OPEN-1241"]
[Site "http://www.queenalice.com/game.php?id=529039"]
[Date "2009.1.25"]
[Round "2"]
[White "Nep"]
[Black "Xeque"]
[Result "0-1"]
[WhiteElo "1969"]
[BlackElo "2129"]

1. d4 d5 2. c4 e6 3. cxd5 exd5 4. Nc3 c5 5. dxc5 d4 6. Qa4+ Nc6 7. Ne4 Qd5 8.
Nd6+ Bxd6 9. cxd6 Qxd6 10. Nf3 Bd7 11. Qb3 Nf6 12. Qxb7 Rb8 13. Qa6 Ne4 14. b3
Qb4+ 15. Bd2 Nxd2 16. Nxd2 Qc3 17. Rb1 Bf5 18. Rd1 Nb4 19. Qa4+ Bd7 20. Qxb4
Rxb4 21. g3 Bg4 22. h3 Bh5 23. g4 Bg6 24. Bg2 d3 25. e3 h5 26. g5 O-O 27. O-O
Rc8 28. Nc4 Rcxc4 29. bxc4 d2 30. c5 Bd3 31. c6 Bxf1 0-1

[Event "AUTO-OPEN-1241"]
[Site "http://www.queenalice.com/game.php?id=574764"]
[Date "2009.4.20"]
[Round "3"]
[White "Nep"]
[Black "Xeque"]
[Result "1/2-1/2"]
[WhiteElo "1970"]
[BlackElo "2174"]

1. Nf3 Nf6 2. g3 g6 3. b4 Bg7 4. Bb2 O-O 5. a3 d5 6. Bg2 Nbd7 7. O-O Re8 8. Nc3
e5 9. h3 b6 10. Ng5 Bb7 11. a4 c5 12. Nb5 Nf8 13. bxc5 bxc5 14. Rb1 Qd7 15. f4
exf4 16. Rxf4 Nh5 17. Rxf7 Qd8 18. Bxg7 Nxg7 19. Rxb7 Qxg5 20. Nc7 Qxg3 21. Nxa8
Rxa8 22. R1b3 Qe5 23. Rd3 Rd8 24. c4 d4 25. Rxa7 Nfe6 26. Bd5 Kh8 27. Rf3
1/2-1/2